Statistiques concernant đź“– 150 premiers mots "L'Ă©tranger" Albert Camus

Cliquez ici pour prendre le quiz!

Statistiques générales

  • Ce quiz a Ă©tĂ© pris 352 fois
  • Le rĂ©sultat moyen est 94 sur 150

Statistiques - réponses

Mots% Correct
a
100%
Ă 
100%
Alger.
100%
m'
98%
Marengo,
98%
est
97%
j'
96%
J'
96%
ma
96%
d'
94%
et
94%
je
93%
Je
93%
n'
93%
Ou
91%
pas
91%
pas.
91%
ne
90%
l'
89%
L'
89%
Aujourd'hui,
87%
C'
87%
morte.
87%
ai
86%
maman
86%
sais
86%
ĂŞtre
85%
de
83%
hier,
83%
hier.
83%
peut-
82%
En
79%
me
79%
"Ce
77%
un
77%
Ă©tait
67%
il
65%
Il
65%
reçu
58%
" Mère
57%
faute."
56%
Enterrement
53%
les
52%
que
51%
télégramme
50%
dire
49%
dire.
49%
mon
47%
une
47%
demain
45%
demain.
45%
décédée.
44%
dĂ»
44%
Mais
44%
dit :
43%
cela.
42%
Cela
42%
lui
42%
rien
41%
kilomètres
40%
veut
39%
asile
38%
asile :
38%
avais
38%
dans
36%
2
35%
aurais
35%
deux
35%
alors
34%
ses ...
34%
avait
32%
pensé
32%
patron
30%
quatre-
30%
heures
29%
vingts
29%
répondu.
28%
demandé
26%
jours
26%
avec
25%
Sentiments
25%
air
24%
distingués."
24%
midi.
24%
après-
23%
congé
23%
excuse
23%
mĂŞme
23%
autobus
22%
excuser.
22%
plutĂ´t
21%
présenter
21%
prendrai
19%
soir.
18%
pouvait
17%
arriverai
16%
content.
14%
somme,
14%
Ainsi,
13%
refuser
13%
pourrai
12%
rentrerai
12%
vieillards
12%
pareille.
11%
veiller
7%

Distribution des résultats

Percentile par nombre de réponses

% des personnes avec chaque résultat

Votre développement - résultats

Vous n’avez pas pris ce quiz